Blue Lock (Chapitre 1-223) (Questions 10-15 difficiles) - Statistiques

Statistiques générales
  • Ce quiz a été pris 1 860 fois
  • Le résultat moyen est 8 sur 15
Statistiques - réponses
Question Réponse % Correct
Qui était le Rival de Noel Noa dans sa jeunesse ? Ego Jinpachi
84%
Qui est le meilleur buteur de l'équipe X ? Barou Shoei
81%
Quel joueur à la frappe la plus rapide ? Michael Kaiser
80%
De quelle couleur sont les cheveux de l'attaquant des U-20 Japon (et maintenant des Ubers d'Italie) Shuto Sendou ? Rouge
74%
Qui est le joueur présent sur la cover du tome 20 du manga ? Ness
68%
Qui a occupé le poste de milieu défensif central, lors du match Blue Lock vs U-20 Japon ? Karasu Tabito
64%
Lequel de ces surnoms n'existe pas ou n'est porté par aucun des joueurs du manga ? L'éxécuteur
55%
De quelle couleur sont floqués les numéros sur les maillots des U-20 du Japon ? Rouge
52%
Combien de votes au ballon d'or a obtenu Chris Prince, l'année ou Noel Noa l'a remporté ? 201
48%
Quel était le rang de Nagi, lors de la deuxième sélection au sein du Blue Lock ? 7ème
47%
Quelle est actuellement la prime de Gin Gagamaru durant la Neo Egoist League ?(20/06/2023) 28 000 000 de Yens
46%
Qui sont les "E-4" (Egoist Four) ? Bachira - Isagi - Kunigami - Chigiri
41%
Pourquoi Oliver Aiku a décidé de devenir défenseur alors qu'il était attaquant ? Il ne s'amusait plus à ce poste
41%
Après le premier match de la NEO egoist league, quelle est la note générale de Rensuke Kunigami ? 90
34%
De quel joueur professionnel est inspiré Chigiri Hyoma ? Ryo Miyaichi
18%
Aucun quiz correspondant
Distribution des résultats
% des personnes avec chaque résultat
Percentile par nombre de réponses
Votre historique - résultats
Vous n’avez pas pris ce quiz